Statistics for Which clubs has Nicolas Anelka played for?

Click here to take the quiz!

General Stats

  • This quiz has been taken 40 times
  • The average score is 9 of 14

Answer Stats

% Correct
1998-2010 (National)France
94%
2008-12Chelsea
89%
1997-99Arsenal
86%
1996-97Paris Saint-Germain
80%
2000-02Paris Saint-Germain
80%
1999-2000Real Madrid
74%
2001-02 (Loan)Liverpool
69%
2006-08Bolton Wanderers
63%
2002-05Manchester City
63%
2013 (Loan)Juventus
57%
2013-14West Bromwich Albion
57%
2005-06Fenerbahҫe
37%
2014-15Mumbai City
29%
2012-13Shanghai Shenhua
29%

Score Distribution

Percentile by Number Answered

Percent of People with Each Score

Your Score History

You have not taken this quiz